000 00467pab a2200169 454500
008 180718b2006 xxu||||| |||| 00| 0 eng d
100 _aBitler, Marianne P.
245 _aWhat mean impacts miss: distributional effects of welfare reform experiments
260 _c2006
300 _ap.988-1012.
362 _aSep
650 _aSocial welfare
700 _aHoynes, Hilary W.
700 _aGelbach, Jonah B.
773 _aAmerican Economic Review
909 _a72034
999 _c72034
_d72034